[Event "Saint Denis op"]
[Site "Saint Denis"]
[Date "2022.10.13"]
[Round "9"]
[White "Giraud, Dimitri"]
[Black "Naquin, Miguel"]
[Result "0-1"]
[WhiteElo "1054"]
[BlackElo "1099"]
[PlyCount "78"]
[EventDate "2022.10.13"]
[EventType "swiss"]
[EventRounds "9"]
[EventCountry "RUF"]
[SourceTitle "EXT 2024"]
[Source "ChessBase"]
[SourceDate "2023.10.10"]
[SourceVersion "1"]
[SourceVersionDate "2023.10.10"]
[SourceQuality "1"]

1. e4 e5 2. Nf3 Nc6 3. Bc4 h6 4. Nc3 Nf6 5. d3 Bc5 6. Be3 Bxe3 7. fxe3 Ng4 8. Qe2 0-0 9. h3 Nf6 10. d4 d6 11. 0-0-0 Na5 12. Rhf1 Qe7 13. Qd2 Nxc4 14. Qd3 Nb6 15. a4 a5 16. b3 Nbd7 17. Nb5 Nb6 18. Nh4 c6 19. Nf5 Bxf5 20. exf5 cxb5 21. Qxb5 Nbd5 22. Rfe1 Nc3 23. Qd3 Nxd1 24. Qxd1 Rfd8 25. Qd3 e4 26. Qb5 Qc7 27. Qf1 Rdc8 28. Re2 Ra6 29. g4 Rc6 30. Qg2 Nd5 31. c4 Rb6 32. Kb2 Nb4 33. Qxe4 Kf8 34. h4 Re8 35. Qf4 Nd3+ 36. Ka3 Nxf4 37. Rf2 Nd3 38. Re2 Nc1 39. Re1 Rxb3# 0-1